Pravoslávna cirkevná obec v Košiciach za prvej ČSR

Bibliographic Details
Main Author: Kovačič, Ján (Author)
Format: Article
Language:Slovak
PhysicalDescription:Obr.
ISBN:9788097189501
Subjects:

MARC

LEADER 00000nab a2200000 a 4500
001 vtls011134214
003 SK-MaSNL
005 20260311224924.0
008 151103c2014 xo arz 0 0slo
015 |a SNBRA2015/11 
038 |a KEVKJB 
040 |a KEVKJB  |b slo  |c KEVKJB  |e AACR2 
041 0 |a slo  |b eng 
044 |a xo  |c SK 
080 |a 271.2-7  |2 2001 
080 |a 27-773/-775  |2 2001 
100 |a Kovačič, Ján  |4 aut  |9 432085 
245 1 0 |a Pravoslávna cirkevná obec v Košiciach za prvej ČSR  |c Ján Kovačič 
300 |b Obr. 
504 |a Bibliogr. odkazy 
546 |a Res. angl. 
610 2 7 |a Pravoslávna cirkevná obec (Košice, Slovensko)  |2 kevkjb  |9 1590837 
650 0 7 |a pravoslávne cirkvi  |x dejiny  |2 kevkjb  |9 485026 
650 0 7 |a cirkevné obce  |2 kevkjb  |9 105694 
651 7 |a Košice (Slovensko)  |2 kevkjb  |9 18694 
651 7 |a Československo  |2 kevkjb  |9 21376 
655 7 |a štúdie  |2 kevkjb  |9 57033 
773 0 |t Košické historické zošity 24/2014  |d Košice : Dejepisný spolok v Košiciach, [2014]  |g S. 64-67  |z 9788097189501 
852 |a KEVKJB  |b KIS3GCP 
958 |a NB 
999 |c 3263285  |d 3265215